Miniautómatas SIMATIC Creativida para innovar cualquier aplicación
Guardado en:
| Format: | Bog |
|---|---|
| Sprog: | English |
| Udgivet: |
Berlín : Siemens Aktiengesellschaft,
|
| Tags: |
Tilføj Tag
Ingen Tags, Vær først til at tagge denne postø!
|
MARC
| LEADER | 00000nam a2200000Ia 4500 | ||
|---|---|---|---|
| 003 | MV0113 | ||
| 005 | 20221231144003.0 | ||
| 008 | 140114s9999 ge a 000 ||eng d | ||
| 040 | |c cru CEDI | ||
| 090 | |a MV 113 | ||
| 245 | |a Miniautómatas SIMATIC |b Creativida para innovar cualquier aplicación | ||
| 260 | |a Berlín : Siemens Aktiengesellschaft, | ||
| 300 | |a 28 páginas | ||
| 942 | |c MX | ||
| 999 | |c 15224 |d 15224 | ||
